| 000 | 00993nam a22001937a 4500 | ||
|---|---|---|---|
| 003 | OSt | ||
| 005 | 20251021050010.0 | ||
| 008 | 251021b |||||||| |||| 00| 0 eng d | ||
| 020 | _a978-971-95560-0-8 | ||
| 040 |
_aDWC-Main lib. _cOC |
||
| 082 | _aFil. 011.53 P552 2012 | ||
| 110 | _aPHILIPPINES. PRESIDENTIAL COMMUNICATIONS OPERATIONS OFFICE/BUREAU OF COMMUNICATIONS SERVICES | ||
| 245 |
_aUgnay 2 : _bconnecting with the people : a list of more than 500 government publications/ _cPHILIPPINES. PRESIDENTIAL COMMUNICATIONS OPERATIONS OFFICE/BUREAU OF COMMUNICATIONS SERVICES |
||
| 260 |
_aSan Miguel, Manila : _bPresidential Communications Operations Office/Bureau of Communications Services, _cc2012. |
||
| 300 |
_aiii, 149 pages ; _b28 cm. |
||
| 650 | _a1. Government publications--Philippines--Bibliography--Catalogs. | ||
| 650 | _a2. Government publications. I. Presidential Communications Operations Office/Bureau of Communications Services. | ||
| 942 |
_2ddc _cBK - FIL _hFil. _n0 |
||
| 999 |
_c4973 _d4973 |
||